Países com mais de 0,900 de IDH - Statistics

Estatísticas Gerais
  • Esse quiz foi jogado 314 vezes
  • A pontuação média é 23 de 27
Estatísticas das Respostas
IDH País % Correto
0,961 Noruega
97%
0,962 Suiça
97%
0,936 Canadá
95%
0,921 Estados Unidos
95%
0,940 Finlândia
95%
0,948 Suécia
95%
0,942 Alemanha
92%
0,905 Espanha
92%
0,903 França
92%
0,925 Japão
92%
0,952 Austrália
91%
0,951 Dinamarca
91%
0,937 Bélgica
88%
0,941 Países Baixos
88%
0,959 Islândia
87%
0,937 Nova Zelândia
87%
0,929 Reino Unido
87%
0,925 Coréia do Sul
86%
0,916 Austria
85%
0,945 Irlanda
85%
0,930 Luxemburgo
82%
0,939 Singapura
73%
0,935 Liechtenstein
71%
0,918 Malta
63%
0,918 Eslovênia
60%
0,911 Emirados Árabes Unidos
53%
0,919 Israel
49%
Nenhum quiz correspondente encontrado
Distribuição das Pontuações
Porcentagem de Pessoas com Cada Pontuação
Percentil de Números Respondidos
Sua Pontuação Histórica
Você não jogou esse quiz